| 000 | 00714 a2200217 4500 | ||
|---|---|---|---|
| 999 |
_c6052 _d6052 |
||
| 020 | _a0782126235 | ||
| 050 | _aTK5105. 5 HEL 2000 | ||
| 100 | 1 |
_aHeldman, William. _eauthor |
|
| 245 | 1 | 0 |
_aSystems management server 2 24seven / _cWilliam Heldman. |
| 250 | _a1st ed. | ||
| 264 |
_aNew Delhi : _bBPB Publications, _c2000. |
||
| 300 |
_a548p. : _bill. |
||
| 440 | _a24seven. | ||
| 500 | _aIncludes index | ||
| 650 | _aMicrosoft Systems management server. | ||
| 650 | _aMicrosoft Windows NT. | ||
| 650 | _aComputer networks -- Management. | ||
| 856 | 4 | 2 |
_3Publisher description _uhttp://www.loc.gov/catdir/enhancements/fy0602/99067589-d.html |
| 942 |
_2lcc _cBK _e1st ed. _h5105.5 _iHEL _kTK |
||